[Event "Titled Tue 3rd Jan Late"]
[Site "chess.com INT"]
[Date "2025.06.03"]
[Round "2"]
[White "Sobek, Jaroslav"]
[Black "Pullela, Sricharan"]
[Result "0-1"]
[WhiteTitle "FM"]
[WhiteElo "2195"]
[BlackElo "2144"]
[WhiteFideId "301388"]
[BlackFideId "30951089"]
[EventDate "2025.06.03"]

1. d4 Nf6 2. c4 d6 3. Nf3 g6 4. Nc3 Bg7 5. e4 O-O 6. h3 Nbd7 7. Bg5 e5 8. d5 h6
9. Be3 a5 10. Nd2 Nc5 11. Be2 Na6 12. g4 Nd7 13. Rg1 Ndc5 14. a3 Bd7 15. Qc2 a4
16. O-O-O c6 17. Kb1 cxd5 18. Nxd5 Bc6 19. f3 Bxd5 20. exd5 b6 21. Ne4 Nc7 22.
Nxc5 bxc5 23. Qc1 Kh7 24. h4 Rb8 25. Bd3 e4 26. Bxe4 Rxb2+ 27. Qxb2 Bxb2 28.
Kxb2 Qb8+ 29. Ka1 Qb3 30. Rd3 Qxc4 31. h5 Rb8 32. hxg6+ fxg6 33. Rc1 Qa6 34. Rh1
Rb3 0-1

[Event "Titled Tue 3rd Jan Late"]
[Site "chess.com INT"]
[Date "2025.06.03"]
[Round "2"]
[White "Thomforde-Toates, Noah"]
[Black "Amdouni, Zoubaier"]
[Result "1-0"]
[BlackTitle "FM"]
[WhiteElo "2128"]
[BlackElo "2226"]
[WhiteFideId "30951992"]
[BlackFideId "5500419"]
[EventDate "2025.06.03"]

1. d4 Nf6 2. Nc3 d5 3. Bf4 Bf5 4. e3 e6 5. Nf3 Bd6 6. Ne5 O-O 7. Bd3 Bxd3 8.
cxd3 Nfd7 9. h4 f6 10. Nxd7 Qxd7 11. Qf3 Nc6 12. Bxd6 Qxd6 13. O-O a6 14. Rac1
Rfd8 15. a3 Ne7 16. g3 Qb6 17. b4 Qd6 18. Na4 a5 19. Nc5 Rdb8 20. Qg4 f5 21. Qf4
Qxf4 22. gxf4 Kf7 23. Nd7 Rc8 24. Ne5+ Kf6 25. b5 Ng6 26. Rc3 Nxh4 27. Rfc1 c6
28. bxc6 bxc6 29. Nd7+ Ke7 30. Nb6 Kd6 31. Nxa8 Rxa8 32. Rxc6+ Ke7 33. Rc7+ Kf6
34. Rb7 h6 35. Rcc7 Rg8 36. Rf7+ Kg6 37. Kh2 Nf3+ 38. Kg3 Ne1 39. Rfe7 Kf6 40.
Rf7+ Kg6 41. Rfc7 Nxd3 42. Ra7 Nb2 43. Rxa5 Nc4 44. Ra6 Kf6 45. a4 g5 46. fxg5+
hxg5 47. Raa7 Nd2 48. a5 Ne4+ 49. Kg2 g4 50. a6 g3 51. Rf7+ Kg5 52. Rg7+ Rxg7
53. Rxg7+ Kf6 54. Rxg3 1-0

[Event "Titled Tue 3rd Jan Late"]
[Site "chess.com INT"]
[Date "2025.06.03"]
[Round "2"]
[White "Ambartsumian, Tyhran"]
[Black "Senthilkumar, Pranav"]
[Result "1-0"]
[WhiteTitle "CM"]
[BlackTitle "CM"]
[WhiteElo "2179"]
[BlackElo "2061"]
[WhiteFideId "34161112"]
[BlackFideId "2083477"]
[EventDate "2025.06.03"]

1. e4 c5 2. Nf3 e6 3. b3 b6 4. Bb2 Bb7 5. Nc3 Nf6 6. e5 Nd5 7. Ne4 Qc7 8. c4 Nb4
9. Ng3 Be7 10. a3 N4c6 11. Bd3 O-O 12. Qe2 d6 13. h4 f5 14. exf6 Bxf6 15. Qxe6+
Qf7 16. Qxf7+ Kxf7 17. Bxf6 Kxf6 18. O-O-O g6 19. Ne4+ Ke7 20. Rhe1 Kd7 21. Neg5
Na5 22. Kb2 Bxf3 23. Nxf3 Nbc6 24. Kc3 Nb7 25. Be4 Nbd8 26. d4 Kc7 27. d5 Ne7
28. Bc2 Rf7 29. Re3 Kd7 30. Rde1 Nb7 31. Ng5 Rg7 32. b4 Rf8 33. Ba4+ Kc7 34.
Ne6+ 1-0

[Event "Titled Tue 3rd Jan Late"]
[Site "chess.com INT"]
[Date "2025.06.03"]
[Round "2"]
[White "Ferriz Barrios, Andres"]
[Black "Ivashentseva, Dominika"]
[Result "1-0"]
[WhiteTitle "FM"]
[BlackTitle "WCM"]
[WhiteElo "2102"]
[BlackElo "1921"]
[WhiteFideId "5104467"]
[BlackFideId "34331050"]
[EventDate "2025.06.03"]

1. d4 d5 2. c4 e6 3. Nc3 Nf6 4. Bg5 Be7 5. Nf3 O-O 6. cxd5 exd5 7. e3 c6 8. Bd3
h6 9. Bh4 Bg4 10. h3 Be6 11. g4 Ne4 12. Bxe7 Qxe7 13. Nxe4 dxe4 14. Bxe4 Bxg4
15. hxg4 Qxe4 16. g5 hxg5 17. Rg1 f6 18. Nd2 Qe6 19. Qh5 Qf7 20. Qh3 Re8 21. Rh1
Qg6 22. O-O-O Kf7 23. Nc4 Rd8 24. Qf3 Nd7 25. Nd6+ Ke6 26. Nxb7 Rdc8 27. e4 Rab8
28. Qb3+ Ke7 29. Qb4+ c5 30. dxc5 Nxc5 31. Rd7+ Kxd7 32. Nxc5+ Ke7 33. Qd4 Rc7
34. Rd1 f5 35. Qe5+ Kf8 36. Qxc7 Re8 37. e5 g4 38. Qd6+ Qxd6 39. exd6 Rd8 40.
Ne6+ 1-0

[Event "Titled Tue 3rd Jan Late"]
[Site "chess.com INT"]
[Date "2025.06.03"]
[Round "2"]
[White "Hernandez Leon, Sergio"]
[Black "Winkels, Marcel"]
[Result "1-0"]
[WhiteTitle "CM"]
[BlackTitle "CM"]
[WhiteElo "2106"]
[BlackElo "1918"]
[WhiteFideId "2285622"]
[BlackFideId "1003887"]
[EventDate "2025.06.03"]

1. e4 c5 2. Nc3 d6 3. Nf3 Nf6 4. e5 dxe5 5. Nxe5 e6 6. g3 Be7 7. Bg2 O-O 8. a4
Nbd7 9. Nc4 Nb6 10. Ne3 Nbd5 11. d3 b6 12. a5 Bb7 13. a6 Bc6 14. O-O Nxc3 15.
bxc3 Bxg2 16. Kxg2 Qc7 17. Qf3 Rac8 18. c4 Nd7 19. Bb2 Bf6 20. Bxf6 Nxf6 21.
Rfe1 Rfe8 22. Nd1 Rcd8 23. Nc3 Qb8 24. Nb5 e5 25. Qb7 Rd7 26. Qxb8 Rxb8 27. Rxe5
h6 28. Rae1 Rbd8 29. h3 g6 30. f4 Kg7 31. Kf3 Rf8 32. Re7 Rfd8 33. g4 Rxe7 34.
Rxe7 Nd7 35. Nxa7 Kf6 36. Nc6 Rc8 37. Rxd7 Rxc6 38. a7 Rc8 39. Rd6+ 1-0

[Event "Titled Tue 3rd Jan Late"]
[Site "chess.com INT"]
[Date "2025.06.03"]
[Round "2"]
[White "Grzesik, Gracjan"]
[Black "Rosen, Eric"]
[Result "0-1"]
[WhiteTitle "CM"]
[BlackTitle "IM"]
[WhiteElo "2175"]
[BlackElo "2377"]
[WhiteFideId "1194593"]
[BlackFideId "2032562"]
[EventDate "2025.06.03"]

1. c4 e6 2. Nc3 d5 3. d4 Nf6 4. cxd5 exd5 5. Bg5 c6 6. e3 Bd6 7. Bd3 h6 8. Bh4
O-O 9. Nge2 Re8 10. Qc2 a5 11. h3 Na6 12. a3 Nc7 13. O-O Ne6 14. f3 Ng5 15. Bxg5
hxg5 16. e4 dxe4 17. fxe4 c5 18. e5 cxd4 19. exf6 dxc3 20. Bh7+ Kh8 21. fxg7+
Kxg7 22. Nxc3 Be6 23. Bf5 Bc4 24. Rf3 Qf6 25. Bd3 Qd4+ 26. Kh1 Qe5 27. Kg1 Qh2+
28. Kf2 Bc5+ 0-1

[Event "Titled Tue 3rd Jan Late"]
[Site "chess.com INT"]
[Date "2025.06.03"]
[Round "2"]
[White "Dyachuk, Artem"]
[Black "Sivakumar, Shaashwath"]
[Result "0-1"]
[WhiteTitle "FM"]
[BlackTitle "FM"]
[WhiteElo "2356"]
[BlackElo "2234"]
[WhiteFideId "34107924"]
[BlackFideId "30912156"]
[EventDate "2025.06.03"]

1. e4 d6 2. d4 Nf6 3. Nc3 g6 4. Nf3 Bg7 5. Be3 O-O 6. Qd2 Bg4 7. O-O-O Nc6 8. d5
Ne5 9. Be2 Bxf3 10. gxf3 c6 11. f4 Neg4 12. Bd4 c5 13. Be3 b5 14. Bxb5 Rb8 15.
Qe2 Nxe3 16. Qxe3 Qa5 17. e5 dxe5 18. fxe5 Ng4 19. Qxc5 Rfc8 20. Qxe7 Rxc3 21.
e6 Ne5 22. exf7+ Nxf7 23. Be8 Rxc2+ 24. Kxc2 Rxb2+ 25. Kd3 Qc3+ 26. Ke4 Re2+ 27.
Kf4 Rxe7 28. Bc6 Qe5+ 29. Kg4 h5+ 30. Kh3 Qe4 31. Rhg1 Qf3+ 32. Kh4 Bf6+ 0-1

[Event "Titled Tue 3rd Jan Late"]
[Site "chess.com INT"]
[Date "2025.06.03"]
[Round "2"]
[White "Jing, Andrew"]
[Black "Arakelyan, Manvel"]
[Result "1-0"]
[WhiteTitle "FM"]
[BlackTitle "FM"]
[WhiteElo "2254"]
[BlackElo "2326"]
[WhiteFideId "30984076"]
[BlackFideId "13317415"]
[EventDate "2025.06.03"]

1. e4 c5 2. Nf3 Nc6 3. Bb5 d6 4. Kf1 Bd7 5. h3 Nf6 6. d3 g6 7. c3 Bg7 8. Kg1 Qc7
9. Bf4 O-O 10. Nbd2 a6 11. Ba4 b5 12. Bc2 Rac8 13. Rc1 Nh5 14. Be3 Nf6 15. g3 d5
16. Bxc5 dxe4 17. dxe4 Rfd8 18. Kg2 Be6 19. Qe2 Na5 20. Bd4 Nc4 21. Nxc4 Bxc4
22. Qe3 Qb7 23. a3 Be6 24. Rhe1 Qd7 25. Rh1 h6 26. Rcd1 Qb7 27. Bb6 Rxd1 28.
Rxd1 Nd7 29. Bd4 f6 30. Kh2 Bc4 31. e5 Bd5 32. exf6 Nxf6 33. Ne5 g5 34. Ng6 e6
35. f4 g4 36. h4 Qf7 37. Ne5 Qh5 38. Bg6 1-0

[Event "Titled Tue 3rd Jan Late"]
[Site "chess.com INT"]
[Date "2025.06.03"]
[Round "2"]
[White "Dobre, Claudiu-Cristian"]
[Black "Kiseleva, Arina"]
[Result "1-0"]
[WhiteTitle "IM"]
[BlackTitle "WCM"]
[WhiteElo "2265"]
[BlackElo "1994"]
[WhiteFideId "1211854"]
[BlackFideId "4164989"]
[EventDate "2025.06.03"]

1. d4 Nf6 2. Nf3 e6 3. Bg5 d5 4. e3 c5 5. c3 Nc6 6. Nbd2 h6 7. Bh4 Bd6 8. Bd3 e5
9. dxc5 Bxc5 10. e4 Be7 11. O-O O-O 12. Re1 dxe4 13. Nxe4 Nxe4 14. Bxe7 Nxf2 15.
Bxd8 Nxd1 16. Raxd1 Rxd8 17. Nxe5 Be6 18. Nxc6 bxc6 19. Be4 Bxa2 20. Bxc6 Rac8
21. Rxd8+ Rxd8 22. Ra1 Bd5 23. Rd1 Rb8 24. Bxd5 Rxb2 25. Ra1 1-0

[Event "Titled Tue 3rd Jan Late"]
[Site "chess.com INT"]
[Date "2025.06.03"]
[Round "2"]
[White "Kravtsiv, Martyn"]
[Black "Qin, Kevin"]
[Result "0-1"]
[WhiteTitle "GM"]
[WhiteElo "2598"]
[BlackElo "2017"]
[WhiteFideId "14113147"]
[BlackFideId "2627949"]
[EventDate "2025.06.03"]

1. e4 d6 2. d4 e5 3. Nf3 Bg4 4. dxe5 Nd7 5. exd6 Bxd6 6. Nc3 Ngf6 7. Be2 Qe7 8.
h3 Bxf3 9. Bxf3 O-O-O 10. O-O h5 11. h4 Ng4 12. g3 Nde5 13. Nd5 Qe6 14. Bg2 Bc5
15. Qe2 c6 16. Nf4 Qe7 17. Nh3 Kb8 18. Kh1 Ka8 19. Bd2 f6 20. Rad1 g5 21. hxg5
h4 22. gxf6 Qe6 23. f3 Nf2+ 24. Rxf2 hxg3 25. Qf1 gxf2 26. f4 Nf3 27. f5 Qxe4
28. f7 Nxd2 29. Bxe4 Nxf1 30. Rxf1 Rxh3+ 31. Kg2 Rh7 32. Bd3 Rxf7 33. Kf3 a6 34.
a3 Rdf8 35. b4 Bb6 36. c4 Rxf5+ 37. Bxf5 Rxf5+ 38. Ke2 a5 39. c5 Bc7 40. bxa5
Bxa5 0-1

[Event "Titled Tue 3rd Jan Late"]
[Site "chess.com INT"]
[Date "2025.06.03"]
[Round "2"]
[White "Habans Aguerrea, Javier"]
[Black "Danila, Tudor-Gabriel"]
[Result "0-1"]
[WhiteTitle "IM"]
[BlackTitle "CM"]
[WhiteElo "2448"]
[BlackElo "2178"]
[WhiteFideId "24524689"]
[BlackFideId "1274244"]
[EventDate "2025.06.03"]

1. d4 Nf6 2. Bg5 Ne4 3. Bf4 d5 4. e3 Bf5 5. Bd3 e6 6. Nd2 Nd7 7. Ngf3 Ndf6 8.
Nh4 Bg4 9. f3 Nxd2 10. Qxd2 Bh5 11. O-O-O Be7 12. g4 Bg6 13. Nxg6 hxg6 14. Kb1
c5 15. Bb5+ Kf8 16. dxc5 Bxc5 17. e4 Qb6 18. Ba4 dxe4 19. Rhf1 e3 20. Qd3 Nd5
21. Be5 f6 22. c4 fxe5 23. cxd5 Bd4 24. Bb3 Rxh2 0-1

[Event "Titled Tue 3rd Jan Late"]
[Site "chess.com INT"]
[Date "2025.06.03"]
[Round "2"]
[White "Sairam, Pranav"]
[Black "Atkeson, Christopher Timothy"]
[Result "0-1"]
[WhiteElo "2015"]
[BlackElo "2031"]
[WhiteFideId "30951330"]
[BlackFideId "39956547"]
[EventDate "2025.06.03"]

1. e4 e5 2. Nf3 Nc6 3. Bc4 Bc5 4. a4 a6 5. O-O d6 6. h3 Nf6 7. d3 Ba7 8. a5 Ne7
9. Nc3 Ng6 10. Ne2 O-O 11. Ng3 c6 12. Re1 Re8 13. Bb3 Be6 14. c3 Qd7 15. Bg5
Bxh3 16. Bxf6 gxf6 17. Nh5 Kh8 18. Nxf6 Qe7 19. Nxe8 Bg4 20. Nxd6 Qxd6 21. Ng5
Bxf2+ 22. Kxf2 Qf6+ 23. Nf3 Rg8 24. Re3 Nh4 25. Qe2 Bxf3 26. Rxf3 Rxg2+ 27. Kf1
Qg5 0-1

[Event "Titled Tue 3rd Jan Late"]
[Site "chess.com INT"]
[Date "2025.06.03"]
[Round "2"]
[White "Zieba, Hubert"]
[Black "Murzin, Volodar"]
[Result "0-1"]
[WhiteTitle "CM"]
[BlackTitle "GM"]
[WhiteElo "2233"]
[BlackElo "2658"]
[WhiteFideId "21844704"]
[BlackFideId "44155573"]
[EventDate "2025.06.03"]

1. d4 Nf6 2. c4 e6 3. g3 c5 4. d5 exd5 5. cxd5 d6 6. Nc3 g6 7. Bg2 Bg7 8. Nf3
O-O 9. O-O Re8 10. Bf4 a6 11. a4 Bf5 12. Nh4 Bc8 13. Nf3 Bg4 14. Nd2 Nh5 15. Be3
Bd7 16. Nc4 Qc7 17. Ne4 Bf8 18. Bf3 Bh3 19. Re1 Bf5 20. Nc3 Nf6 21. Bg5 Nbd7 22.
e4 Bh3 23. e5 dxe5 24. d6 Qb8 25. Bxf6 Nxf6 26. Nb6 Ra7 27. d7 Rd8 28. Rxe5 Qxe5 0-1

[Event "Titled Tue 3rd Jan Late"]
[Site "chess.com INT"]
[Date "2025.06.03"]
[Round "2"]
[White "Metin, Enis"]
[Black "Schmakel, Sam"]
[Result "1-0"]
[BlackTitle "IM"]
[WhiteElo "2169"]
[BlackElo "2449"]
[WhiteFideId "26306948"]
[BlackFideId "2039311"]
[EventDate "2025.06.03"]

1. e4 e5 2. Nf3 Nc6 3. Bb5 a6 4. Ba4 Nf6 5. O-O Bc5 6. c3 b5 7. Bb3 d6 8. d4 Bb6
9. a4 Bg4 10. Bg5 exd4 11. Bd5 Ne5 12. Bxa8 Qxa8 13. cxd4 Bxf3 14. gxf3 Bxd4 15.
Nc3 b4 16. Bxf6 bxc3 17. Bxe5 Bxe5 18. bxc3 Qd8 19. f4 Bxf4 20. Qg4 Be5 21. Rac1
h5 22. Qe2 Rh6 23. f4 Bxf4 24. Rc2 a5 25. Qb5+ Kf8 26. Rxf4 Re6 27. Rcf2 f6 28.
Qxh5 Qd7 29. Rg2 Kg8 30. Rh4 1-0

[Event "Titled Tue 3rd Jan Late"]
[Site "chess.com INT"]
[Date "2025.06.03"]
[Round "2"]
[White "Aravindhan, Achyuth"]
[Black "Rojas Alarcon, Julian Antonio"]
[Result "0-1"]
[WhiteTitle "CM"]
[BlackTitle "FM"]
[WhiteElo "2098"]
[BlackElo "2365"]
[WhiteFideId "1084216"]
[BlackFideId "5107407"]
[EventDate "2025.06.03"]

1. Nf3 d5 2. d4 Nf6 3. g3 e6 4. Bg2 Nbd7 5. O-O b6 6. b3 Bb7 7. c4 c5 8. Ba3 Be7
9. Nbd2 O-O 10. Rc1 Rc8 11. e3 dxc4 12. bxc4 cxd4 13. Bxe7 Qxe7 14. exd4 Qa3 15.
Qb3 Qa5 16. Rfd1 Rfd8 17. Nf1 h6 18. a3 Bc6 19. Qb4 Qa6 20. Ne3 Qb7 21. Nh4 Bxg2
22. Nhxg2 Ne4 23. h4 Ndf6 24. Nf4 g5 25. hxg5 hxg5 26. Nfg2 g4 27. Qe1 Ng5 28.
Qe2 Nf3+ 29. Kf1 Kg7 30. Qd3 Rxd4 31. Qb3 Rh8 32. Ke2 Rh2 33. Nf4 Qe4 34. Qc3 e5
35. Nd5 Nxd5 36. cxd5 Ng1+ 37. Rxg1 Qf3+ 0-1

[Event "Titled Tue 3rd Jan Late"]
[Site "chess.com INT"]
[Date "2025.06.03"]
[Round "2"]
[White "Belov, Alexei"]
[Black "Reinecke, Katharina"]
[Result "1-0"]
[WhiteTitle "IM"]
[BlackTitle "WCM"]
[WhiteElo "2421"]
[BlackElo "1921"]
[WhiteFideId "4128206"]
[BlackFideId "12929727"]
[EventDate "2025.06.03"]

1. e4 c6 2. d4 d5 3. Nd2 dxe4 4. Nxe4 Bf5 5. Ng3 Bg6 6. N1e2 e6 7. Nf4 Bd6 8.
Ngh5 Kf8 9. c3 Nd7 10. Qf3 Ndf6 11. Bc4 Nxh5 12. Nxh5 Nf6 13. Nf4 Qc7 14. h3 Be4
15. Qe3 Bxf4 16. Qxf4 Qxf4 17. Bxf4 Rd8 18. O-O Nd5 19. Bh2 f6 20. Rfe1 Bf5 21.
g4 Bg6 22. Rxe6 Kf7 23. Rae1 Rhe8 24. Rxe8 Rxe8 25. Rxe8 Kxe8 26. Kf1 Kd7 27.
Ke2 b6 28. a4 Nc7 29. Bxc7 Kxc7 30. Bd3 Kd6 31. Bxg6 hxg6 32. c4 a6 33. Ke3 f5
34. Kf4 fxg4 35. hxg4 b5 36. axb5 axb5 37. b3 bxc4 38. bxc4 Ke6 39. Kg5 Kf7 40.
f3 c5 41. dxc5 Ke6 42. Kxg6 Kd7 43. Kxg7 Kc6 44. f4 Kxc5 45. f5 Kxc4 46. f6 1-0

[Event "Titled Tue 3rd Jan Late"]
[Site "chess.com INT"]
[Date "2025.06.03"]
[Round "2"]
[White "Mizzi, Jack"]
[Black "Buchenau, Frank"]
[Result "0-1"]
[WhiteTitle "CM"]
[BlackTitle "FM"]
[WhiteElo "2086"]
[BlackElo "2190"]
[WhiteFideId "5602521"]
[BlackFideId "4604350"]
[EventDate "2025.06.03"]

1. b3 e5 2. Bb2 Nc6 3. c4 Nf6 4. e3 g6 5. d4 exd4 6. exd4 d5 7. Nf3 Bg7 8. Be2
O-O 9. O-O Re8 10. Ne5 dxc4 11. Nxc6 bxc6 12. bxc4 Rb8 13. Bc3 Ne4 14. Bf3 Rxb1
15. Qxb1 Nxc3 16. Qd3 Qxd4 17. Qxd4 Bxd4 18. Rae1 Be6 19. Bxc6 Rb8 20. Bd5 Nxd5
21. cxd5 Bxd5 22. Rd1 c5 23. Rd2 Kg7 24. h3 Kf6 25. Kh2 Rb2 26. Rxb2 Bxb2 27.
Rb1 Bd4 28. a4 c4 29. Rd1 Ke5 30. f4+ Ke4 31. Kg3 c3 32. Re1+ Be3 33. Re2 Bc4
34. Rc2 Kd3 35. Rxc3+ Kxc3 0-1

[Event "Titled Tue 3rd Jan Late"]
[Site "chess.com INT"]
[Date "2025.06.03"]
[Round "2"]
[White "Frempong-Smart Daniel"]
[Black "Loskutova, Viktoriya"]
[Result "0-1"]
[WhiteTitle "CM"]
[BlackTitle "WFM"]
[WhiteElo "1841"]
[BlackElo "2066"]
[WhiteFideId "12601659"]
[BlackFideId "34166278"]
[EventDate "2025.06.03"]

1. d4 Nf6 2. c4 g6 3. Nc3 Bg7 4. e4 d6 5. Be2 O-O 6. Nf3 e5 7. d5 a5 8. Bg5 h6
9. Bh4 Na6 10. Nd2 Qe8 11. a3 Bd7 12. O-O a4 13. Bd3 Nc5 14. Bc2 Nh5 15. f3 Nf4
16. Bf2 b6 17. Bxc5 bxc5 18. g3 Nh3+ 19. Kg2 h5 20. Bxa4 Rxa4 21. Nxa4 Bxa4 22.
b3 Bd7 23. Re1 h4 24. Qc2 Ng5 25. gxh4 Nh3 26. Nf1 Qe7 27. Ng3 Qxh4 28. a4 Nf4+
29. Kh1 Bh3 30. Rg1 Nh5 31. Nxh5 Qxh5 32. Qf2 Bh6 0-1

[Event "Titled Tue 3rd Jan Late"]
[Site "chess.com INT"]
[Date "2025.06.03"]
[Round "2"]
[White "Shapiro, Daniel"]
[Black "Ghafourian, Amir Ali"]
[Result "0-1"]
[WhiteTitle "FM"]
[BlackTitle "CM"]
[WhiteElo "2284"]
[BlackElo "2111"]
[WhiteFideId "2001780"]
[BlackFideId "12533831"]
[EventDate "2025.06.03"]

1. d4 d5 2. c4 dxc4 3. Nf3 Nf6 4. Nc3 a6 5. a4 Nc6 6. e4 Na5 7. h3 c6 8. Bf4 g6
9. Be2 Bg7 10. O-O O-O 11. Be3 b5 12. axb5 axb5 13. Nd2 Bb7 14. f4 b4 15. Na4 c5
16. Nxc5 c3 17. Rxa5 Qxa5 18. Nxb7 Qb6 19. bxc3 bxc3 20. Nc5 cxd2 21. Qxd2 Rfd8
22. Bf3 Rac8 23. Qc2 e6 24. Rb1 Qa5 25. Rb7 Qe1+ 26. Kh2 Qxe3 27. Qa4 Qxf4+ 28.
Kg1 Qe3+ 29. Kh2 Qxd4 30. Qe8+ 0-1

[Event "Titled Tue 3rd Jan Late"]
[Site "chess.com INT"]
[Date "2025.06.03"]
[Round "2"]
[White "Calvo Gonzalez, Jose Felix"]
[Black "Fernandes, Rogerio Paulo Muller"]
[Result "1-0"]
[WhiteTitle "CM"]
[WhiteElo "2168"]
[BlackElo "2241"]
[WhiteFideId "54505615"]
[BlackFideId "2101599"]
[EventDate "2025.06.03"]

1. d4 Nf6 2. c4 c5 3. d5 b5 4. cxb5 a6 5. bxa6 Bxa6 6. Nc3 d6 7. e4 Bxf1 8. Kxf1
g6 9. g3 Bg7 10. Kg2 O-O 11. Nf3 Nbd7 12. Re1 Ra6 13. Re2 Qa8 14. Qc2 e6 15.
dxe6 fxe6 16. Bf4 d5 17. exd5 exd5 18. Nb5 Qc6 19. Nc7 Ra7 20. Ne6 Re8 21. Nxg7
Kxg7 22. Rxe8 Nxe8 23. Ne5 Nxe5 24. Bxe5+ Kg8 25. Kg1 Re7 26. Bd4 Rc7 27. Rc1
Nd6 28. Bxc5 Ne4 29. b4 d4 30. Qc4+ Rf7 31. Bxd4 Qxc4 32. Rxc4 Rd7 33. Be3 Nf6
34. b5 Kf7 35. b6 Nd5 36. a4 Ke6 37. a5 Kd6 38. a6 1-0

[Event "Titled Tue 3rd Jan Late"]
[Site "chess.com INT"]
[Date "2025.06.03"]
[Round "2"]
[White "Sapocinic, Semion"]
[Black "Ferrara, Enzo"]
[Result "1-0"]
[WhiteTitle "FM"]
[WhiteElo "2309"]
[BlackElo "2138"]
[WhiteFideId "13908693"]
[BlackFideId "137731"]
[EventDate "2025.06.03"]

1. d4 f5 2. Bf4 Nf6 3. Nc3 d5 4. e3 e6 5. Bd3 Bd6 6. Nge2 a6 7. Qd2 Nc6 8. O-O-O
Nb4 9. Rdg1 Nxd3+ 10. cxd3 Qe7 11. h3 Bd7 12. g4 O-O-O 13. Bxd6 cxd6 14. Nf4 g6
15. g5 Ne8 16. Kb1 Nc7 17. Rc1 Kb8 18. h4 Bc6 19. a3 e5 20. Nfe2 Ne6 21. Na2 Rc8
22. Nb4 exd4 23. Nxd4 Nxd4 24. exd4 Rhe8 25. Rhe1 Qd7 26. Qf4 a5 27. Nxc6+ bxc6
28. h5 Kc7 29. Rh1 Re2 30. Qf3 Qe6 31. hxg6 Rb8 32. Rxh7+ Kb6 33. g7 Rg8 34. Rh6
Qe7 35. Rg6 Rd2 36. Rf6 Rxg7 37. Rxf5 Qb7 38. Qe3 Rxb2+ 39. Kxb2 Ka6+ 40. Ka2 a4
41. Rb1 1-0

[Event "Titled Tue 3rd Jan Late"]
[Site "chess.com INT"]
[Date "2025.06.03"]
[Round "2"]
[White "Gerbelli Neto, Eduardo"]
[Black "Ristic, Nebojsa M"]
[Result "0-1"]
[BlackTitle "IM"]
[WhiteElo "2114"]
[BlackElo "2248"]
[WhiteFideId "2103281"]
[BlackFideId "900850"]
[EventDate "2025.06.03"]

1. e4 e6 2. d4 d5 3. Nc3 Bb4 4. Ne2 dxe4 5. a3 Be7 6. Nxe4 Nf6 7. N4g3 O-O 8. c4
b6 9. Nc3 Bb7 10. Be3 Nbd7 11. f3 c5 12. Be2 Rc8 13. O-O cxd4 14. Bxd4 Bc5 15.
b4 Bxd4+ 16. Qxd4 Qe7 17. Rad1 Rfd8 18. Qe3 Nf8 19. Nb5 Bc6 20. Nd4 Bb7 21. Nb5
a6 22. Nd4 Qc7 23. Ne4 Nxe4 24. fxe4 e5 25. Nf5 Ne6 26. Rxd8+ Rxd8 27. h3 Nd4
28. Bd3 Nxf5 29. exf5 f6 30. Rc1 Qc6 31. Bf1 Rd4 32. c5 b5 33. Qb3+ Kf8 34. Rd1
Qe4 35. Rxd4 Qxd4+ 36. Kh1 Bd5 37. Qd3 Bc4 38. Qxd4 exd4 39. Kg1 d3 40. Kf2 d2
41. Be2 Bb3 42. c6 Ke7 43. Ke3 d1=Q 44. Bxd1 Bxd1 0-1

[Event "Titled Tue 3rd Jan Late"]
[Site "chess.com INT"]
[Date "2025.06.03"]
[Round "2"]
[White "Naroditsky, Daniel"]
[Black "Kleiman, Jake"]
[Result "1-0"]
[WhiteTitle "GM"]
[BlackTitle "IM"]
[WhiteElo "2619"]
[BlackElo "2399"]
[WhiteFideId "2026961"]
[BlackFideId "2020041"]
[EventDate "2025.06.03"]

1. e4 e5 2. Nf3 Nc6 3. Nc3 Nf6 4. Nd5 Bd6 5. Bc4 O-O 6. d3 Nxd5 7. Bxd5 Ne7 8.
Bb3 c6 9. Ng5 h6 10. h4 Bc5 11. Nf3 d6 12. h5 Be6 13. Bxe6 fxe6 14. c3 Bb6 15.
Qe2 Qd7 16. Be3 Bxe3 17. fxe3 c5 18. O-O-O Nc6 19. g4 Rf7 20. g5 Raf8 21. Rh3
Kh8 22. Rg1 d5 23. gxh6 gxh6 24. Nh4 Rg8 25. Ng6+ Kh7 26. Qg4 Qe8 27. Rf3 Rxf3
28. Qxf3 Ne7 29. exd5 exd5 30. Rf1 Nxg6 31. hxg6+ Qxg6 32. Qxd5 Rg7 33. a4 b6
34. Kb1 Qg5 35. Qe4+ Qg6 36. Rf5 Rd7 37. Kc2 Rg7 38. Rxe5 Qxe4 39. Rxe4 h5 40.
d4 Kh6 41. Kd3 Rf7 42. Ke2 Kg5 43. Re8 h4 44. Rg8+ Kh5 45. e4 cxd4 46. cxd4 h3
47. e5 Kh4 48. e6 Rf4 49. Kd3 Rf1 50. e7 Re1 51. e8=Q 1-0

[Event "Titled Tue 3rd Jan Late"]
[Site "chess.com INT"]
[Date "2025.06.03"]
[Round "2"]
[White "Rajanish, Adhvaith"]
[Black "Ozkan, Taha"]
[Result "0-1"]
[BlackTitle "FM"]
[WhiteElo "2084"]
[BlackElo "2247"]
[WhiteFideId "30946719"]
[BlackFideId "34577173"]
[EventDate "2025.06.03"]

1. e4 e6 2. d4 d5 3. exd5 exd5 4. c4 Nf6 5. Nc3 Bd6 6. cxd5 O-O 7. Nf3 Bg4 8.
Be2 Nbd7 9. O-O Nb6 10. h3 Bh5 11. Bg5 Be7 12. Qb3 Re8 13. Rfe1 Nfxd5 14. Bxe7
Rxe7 15. Nxd5 Qxd5 16. Qxd5 Nxd5 17. Bc4 Rxe1+ 18. Rxe1 Bxf3 19. gxf3 Nb6 20.
Bb3 Kf8 21. a4 Re8 22. Rxe8+ Kxe8 23. a5 Nc8 24. Kf1 Ke7 25. Ke2 b6 26. axb6
axb6 27. Kd3 f6 28. Bg8 h6 29. b4 Kd6 30. Bb3 Ne7 31. Bf7 Nc6 32. b5 Ne7 33. Ke4
f5+ 34. Kd3 g5 35. Kc4 c6 36. bxc6 Kxc6 37. Be8+ Kd6 38. Kb5 Kd5 39. Kxb6 Kxd4
40. Kc7 Ke5 41. Kd7 Nd5 42. Bf7 Nf4 43. Ke7 Nxh3 0-1

[Event "Titled Tue 3rd Jan Late"]
[Site "chess.com INT"]
[Date "2025.06.03"]
[Round "2"]
[White "Blackburn, Jonathan L B"]
[Black "Alizadeh, Mohammad Mahdi"]
[Result "0-1"]
[WhiteTitle "FM"]
[BlackTitle "CM"]
[WhiteElo "2200"]
[BlackElo "2015"]
[WhiteFideId "1801090"]
[BlackFideId "22598820"]
[EventDate "2025.06.03"]

1. d4 Nf6 2. e3 g6 3. Bd3 Bg7 4. f4 d5 5. Nf3 c5 6. c3 O-O 7. O-O b6 8. Ne5 Ba6
9. Bxa6 Nxa6 10. Nd2 Ne4 11. Nxe4 dxe4 12. Qc2 cxd4 13. exd4 Qd5 14. Be3 f6 15.
Ng4 Rfc8 16. Qe2 Nc7 17. f5 gxf5 18. Nh6+ Bxh6 19. Bxh6 e6 20. Qf2 Qd7 21. g4
Kh8 22. gxf5 Rg8+ 23. Kh1 exf5 24. Qxf5 Qxf5 25. Rxf5 Rg6 26. Bf4 Ne6 27. Re1
Ng7 28. Rd5 Re8 29. Rd7 a5 30. d5 Rg4 31. Bh6 Nf5 32. Be3 Nh4 33. Bd4 Nf3 34.
Bxf6+ Kg8 35. Rf1 e3 36. Rxf3 e2 37. Bh4 e1=R+ 38. Bxe1 Rxe1+ 39. Rf1 Rxf1# 0-1